00787nam a2200241Ia 4500003000900000008004100009020001800050040001600068080001600084100003300100245005900133250001200192260004200204300001500246490005000261650002300311650002800334650002200362650001900384942000700403999001500410952012000425IN-BaIIA211028s9999 xx 000 0 eng d a0-13-250597-5 cIIA Library a621.38bRAS aRaskhodoff, Nicholas M97343 0aElectronic drafting and designcNicholas M. Raskhodoff a2nd ed. aEnglewood CliffsbPrentice-Hallc1972 axvi, 666p. aPrentice-Hall series in electronic technology aElectronic control aElectronic design96297 aElectronics91576 aNASA Thesaurus cBK c4175d4175 00104070aBANbBANcGENd1973-04-18g110.20l0o621.38/ RASp4659r2021-11-05v110.20w1973-04-18yBKGRs. 110.20